| 000 | 00991cam a22003257a 4500 | ||
|---|---|---|---|
| 003 | CHAP | ||
| 005 | 20220329134229.0 | ||
| 008 | 971013s1971 r 00010 d | ||
| 010 | _a17328 | ||
| 011 | _a18300 | ||
| 035 | _a22385 | ||
| 040 | _cCHAP | ||
| 090 | _aFolleto 7672 | ||
| 100 | 0 | 0 |
_aHughes, M. W. _956799 |
| 245 | 1 | 3 | _aAn apparatus and method for the measure ment of natural abundance of tritium |
| 260 |
_aMelbourne : _bCSiro. Division of Soils, _c1971 |
||
| 300 | _a15 p. | ||
| 490 | 0 |
_aTechnical paper _v; 3 |
|
| 590 |
_aBATCH-UPD _b10 _c20130110 _lUCH01 _h1239 |
||
| 590 |
_aBATCH-UPD _b10 _c20130410 _lUCH01 _h0806 |
||
| 590 |
_aBATCH-UPD _b10 _c20130913 _lUCH01 _h2241 |
||
| 590 |
_aCONVERSION _b10 _c20130109 _lUCH01 _h1311 |
||
| 650 | 1 | 4 |
_aAgua _xAnĂ¡lisis. _92280 |
| 650 | 1 | 4 |
_aTriteo. _9115193 |
| 700 | 0 |
_aHolmes, J. M. _955997 |
|
| 830 | 0 |
_aTechnical paper _v; 3 _9111899 |
|
| 901 | _aBK | ||
| 942 | _cFOLL | ||
| 949 |
_aFolleto 7672 _bBC _cFOLL _d-52385 _eTS1 _i22385 _mD _si |
||
| 999 |
_c17328 _d17328 |
||